Avrupa Birliği'nin genişleme süreci (Record no. 5793)
[ view plain ]
| 000 -BAŞLIK | |
|---|---|
| Sabit Uzunlukta Kontrol Alanı | 00924na a2200229 4500 |
| 001 - KONTROL NUMARASI | |
| Denetim Alanı | 18840 |
| 003 - KONTROL NUMARASI IDENTIFIER | |
| Denetim Alanı | MIRAKIL |
| 005 - SON İŞLEM TARİHİ VE ZAMANI | |
| Denetim Alanı | 20181213155047.0 |
| 008 - SABİT-BOY VERİ ELEMANLARI - GENEL BİLGİLER | |
| Sabit Uzunlukta Kontrol Alanı | 161201b tu 000 0 |
| 040 ## - KATALOGLAMA KAYNAK | |
| Orijinal Kataloglama Ajansı | Milas |
| Kataloglama Dili | tur |
| Metne Dönüştürmek Ajansı | TR-AnCHP |
| 041 ## - DİL KODU | |
| Metin / Ses Parça Veya Ayrı Başlığın Dil Kodu | tur |
| 082 ## - DEWEY ONLU SINIFLANDIRMA NUMARASI | |
| Sınıflandırma Numarası | 337.142 |
| Ürün Numarası | K28a 2006 |
| 090 ## - SINIFLAMA NUMARASI | |
| Sınıflama Numarası | 337.142 K28a 2006 |
| 100 ## - ANA GİRİŞ - KİŞİSEL İSİM | |
| Kişisel Ad | Kavalalı, Murat |
| 245 ## - BAŞLIK TABLOSU | |
| Başlık | Avrupa Birliği'nin genişleme süreci |
| Başlığın Kalan | AB'nin beşinci genişlemesine ilişkin katılım antlaşmalarında yer alan geçiş düzenlemeleri |
| Sorumluluk Tablosu, Vb | Murat Kavalalı |
| 246 ## - UNVAN FORM VARYING | |
| Başlık Doğru / Kısa Başlığı | AB'nin beşinci genişlemesine ilişkin katılım antlaşmalarında yer alan geçiş düzenlemeleri |
| 260 ## - YAYIN, DAĞITIM, VB | |
| Yayın, Dağıtım, Vb Yeri | Ankara |
| Yayıncı, Dağıtıcı, Vs Adı | DPT AB ile İlişkiler Genel Müdürlüğü, |
| Yayın, Dağıtım, Vb Tarihi | 2006 |
| 300 ## - FİZİKSEL TANIM | |
| Kapsam | ii, 161 s. |
| Diğer Fiziksel Ayrıntıları | şkl. , tbl.; |
| Boyutlar | 26 sm. |
| 610 ## - KONU KATMA GİRİŞ - TOPLANTI ADI | |
| Giriş Elemanı Olarak Kurumsal Ad Veya Yargı Alanı Adı | Devlet Planlama Teşkilatı (DPT) |
| Alt Birim | AB ile İlişkiler Müdürlüğü |
| Genel Alt Bölüm | düzenlemeler |
| 650 ## - KONU KATMA GİRİŞ - TOPİKAL DÖNEM | |
| Topikal Süreli Veya Coğrafi Ad Giriş Elemanı | Avrupa Birliği |
| Genel Alt Bölümü | genişleme süreci |
| 942 ## - EKLENDİ GİRİŞ ELEMANLARI (KOHA) | |
| Sınıflandırma Veya Raf Düzeni Kaynak | |
| Koha Öğesi Türü | Books |
| 999 ## - SİSTEM KONTROL NUMARALARI (KOHA) | |
| Koha Biblionumber | 5793 |
| Koha Biblioitemnumber | 5793 |
| Kalıcı Konum | Mevcut Konum | Edinme Tarihi | Edinim Kaynak | Toplam Check-Out'Lar | Tam Çağrı Numarası | Barkod | Tarih Son Görülme | İtibaren Geçerli Fiyatlar | Koha Öğesi Türü |
|---|---|---|---|---|---|---|---|---|---|
| CHP Kütüphanesi | CHP Kütüphanesi | 12/01/2016 | Bağış | 337.142 K28a 2006 | 010080 | 12/01/2016 | 12/01/2016 | Books |
